01016npc a2200229Ia 4500001002400000003001000024005001700034008004100051040002500092041000700117100008100124245014700205260007900352300001100431500008500442650001500527654000900542942001200551999001900563999000700582952019700589dp5/7-1570 [d000001609]IT-MiCISF20250701142123.0161014s9999||||xx | und|| aIT-MiCISFcIT-MiCISF ait aCampanini Giorgio, Bonte-Dehaene Thérese e Jacques, Olivier Bernard962355 0aQuale missione per la coppia cristiana oggi?b27° Congresso internazionale dei Centri di preparazione al matrimonio, Siena, 20-23 maggio 1993 bFederazione internazionale dei centri di preparazione al matrimonio,c1993 app. 53 a matrimonio-sacramento, società, ministero-coniugale, fedeltà, solidarietà amatrimonio aatti cDD2ddc c206422d206422 bsi 00102ddc406DP_5_000000000000000_41570_D00000160971aCISFbCISFd2016-10-14l0odp5/4-1570 [d000001609]r2016-10-14 00:00:00w2016-10-14yDDzData import 15.10.2016 / by Epidotti, Vaglietti